000 00394nam a22001337a 4500
999 _c8558
_d8558
008 200317b ||||| |||| 00| 0 eng d
020 _a9781305577213
100 _aStanley Crouch & Douglas Skoog
245 _aPrinciples of Instrumental Analysis
250 _a6th
_b2019
260 _aNew Delhi
_bCengage Learning
650 _aPharmaceutical Analysis and Quality Assurance
942 _2ddc
_cBK
_01